Usama Bin Ladin : (Record no. 35359)
[ view plain ]
| 000 -LEADER | |
|---|---|
| fixed length control field | 00455nam a22001577a 4500 |
| 005 - DATE AND TIME OF LATEST TRANSACTION | |
| control field | 20240313130121.0 |
| 008 - FIXED-LENGTH DATA ELEMENTS--GENERAL INFORMATION | |
| fixed length control field | 240313b |||||||| |||| 00| 0 eng d |
| 082 ## - DEWEY DECIMAL CLASSIFICATION NUMBER | |
| Classification number | 491.439 |
| Item number | TAR-U |
| 100 ## - MAIN ENTRY--AUTHOR | |
| Author Name | Tariq Ismail Sagar |
| 245 ## - TITLE STATEMENT | |
| Title | Usama Bin Ladin : |
| Remainder of title | aik shahs-aik tehreeq / |
| Statement of responsibility, etc. | by Tariq Ismail Sagar . |
| 260 ## - PUBLICATION, DISTRIBUTION, ETC. | |
| Place of Publication | Pakistan : |
| Name of publisher, distributor, etc. | Sagar Publishers ; |
| Date of publication, distribution, etc. | 2001 . |
| 300 ## - PHYSICAL DESCRIPTION | |
| Pages | 310 p. : |
| 500 ## - GENERAL NOTE | |
| General note | Revised edition. |
| 650 ## - SUBJECT ADDED ENTRY--TOPICAL TERM | |
| Subject / Department | Literature |
| 300 ## - PHYSICAL DESCRIPTION | |
| -- | 22 cm . |
| 952 ## - LOCATION AND ITEM INFORMATION (KOHA) | |
| -- | 0 |
| -- | 0 |
| Lost status | Damaged status | Collection code | Permanent Location | Current Location | Shelving Location | Date acquired | Full Call Number | Accession No./Barcode | Date last seen | item type | Koha item type |
|---|---|---|---|---|---|---|---|---|---|---|---|
| Literature/Urdu/eng/Islamic | Superior Information Resource Center (SIRC) Superior University- Main Campus | Superior Information Resource Center (SIRC) Superior University- Main Campus | Literature | 03/13/2024 | 491.439 TAR-U 2001 | 29124 | 03/13/2024 | BOOK | BOOK |
